| 000 | 00915nam a22002177a 4500 | ||
|---|---|---|---|
| 003 | OSt | ||
| 005 | 20250827175540.0 | ||
| 008 | 240313b ||||| |||| 00| 0 eng d | ||
| 040 | _c0 | ||
| 082 | _aDPer 621.317 Ie21 July 2022 v. 37 n. 7 | ||
| 100 |
_aXu, Yiming. _eauthor. _954417 |
||
| 245 |
_aA soft short-circuit diagnosis method for lithium-ion battery packs in electric vehicles / _cYiming Xu, Xiaohua Ge, Weixiang Shen, and Ruixin Yang. |
||
| 260 |
_aNew York ; _bThe Institute of Electrical and Electronics Engineers, Inc. , _cJuly 2022. |
||
| 300 |
_avolume 37, pages 8572-8581 : _billustration ; _c28 cm. |
||
| 500 | _aIEEE Transactions on Power Electronics, vol. 37, no. 7, pages 8572-8581, July 2022. | ||
| 700 |
_aXu, Yiming. _eauthor. _954417 |
||
| 700 |
_aGe, Xiaohua. _eauthor. _954418 |
||
| 700 |
_aShen, Weixiang. _eauthor. _954419 |
||
| 700 |
_aYang, Ruixin. _eauthor. _954420 |
||
| 942 |
_2ddc _cPER |
||
| 999 |
_c19624 _d19624 |
||